Účtovníctvo a dane podnikateľov - fyzických osôb diplomová práca

Uložené v:
Podrobná bibliografia
Hlavný autor: Babjaková, Monika
Korporativný autor: Fakulta hospodárskej informatiky EU. Katedra účtovníctva a audítorstva
Ďalší autori: Baštincová, Anna
Médium: Kniha
Jazyk:Slovak
Vydavateľské údaje: Bratislava 2012
Tagy: Pridať tag
Žiadne tagy, Buďte prvý, kto otaguje tento záznam!

MARC

LEADER 00000nbm a2200000 4500
001 0154650
005 20161109102134.5
041 0 |a slo 
044 |a SK 
245 1 0 |a Účtovníctvo a dane podnikateľov - fyzických osôb  |b diplomová práca  |c Monika Babjaková ; školiteľ: Anna Baštincová 
264 1 |a Bratislava  |c 2012 
300 |a 81 s. 
100 1 |a Babjaková, Monika 
700 1 |a Baštincová, Anna 
710 2 |a Fakulta hospodárskej informatiky EU. Katedra účtovníctva a audítorstva